000 00687 a2200217 4500
003 UA-OsUOA
005 20260511104105.0
008 260511b un ||||| |||| 00| 0 ukr d
040 _aUA-OsUOA
_beng
_cUA-OsUOA
_dUA-OsUOA
041 _aeng
080 _a140.32
090 _a140.32
_bC70
100 _aCollins J.
_921013
245 _aThe Existentialists
_bA Critical Study
260 _bHenry Regnery Company
_c1968
_aChicago
300 _a300 p.
650 _2UDC
_a14 Філософські системи та погляди
_91949
942 _cBK
_2udc
955 _a4
999 _c580687
_d580687